[Event "Barcelonca Tarde GM"]
[Site "Barcelona"]
[Date "2020.08.02"]
[Round "2"]
[White "Masague Artero, Guerau"]
[Black "Barseghyan, Harutyun"]
[Result "0-1"]
[WhiteElo "2362"]
[BlackElo "2463"]
[PlyCount "88"]
[EventDate "2020.08.01"]
[EventType "tourn"]
[EventRounds "9"]
[EventCountry "ESP"]
[EventCategory "8"]
[SourceTitle "CBM 197 Extra"]
[Source "ChessBase"]
[SourceDate "2020.09.30"]
[SourceVersion "1"]
[SourceVersionDate "2020.09.30"]
[SourceQuality "1"]

1. d4 d5 2. c4 e6 3. Nc3 Bb4 4. cxd5 exd5 5. Bf4 Nf6 6. e3 0-0 7. Bd3 Re8 8. Nge2 b6 9. h3 c5 10. 0-0 c4 11. Bc2 a6 12. Bg5 Bb7 13. Nf4 Bxc3 14. bxc3 h6 15. Bxf6 Qxf6 16. Qh5 Qg5 17. Rfb1 Nd7 18. a4 Rab8 19. h4 Qxh5 20. Nxh5 g6 21. Nf4 Bc6 22. h5 g5 23. Ne2 Nf6 24. Ng3 Bd7 25. Ra2 Kf8 26. Kf1 Ke7 27. f3 Kd6 28. e4 Kc7 29. e5 Ng8 30. Re1 Ne7 31. Kf2 Nc6 32. Rb2 b5 33. axb5 axb5 34. Ne2 b4 35. Rd1 b3 36. Bb1 f6 37. exf6 Rf8 38. Ng3 Rxf6 39. Re1 Kd6 40. Rbe2 g4 41. Re3 Na7 42. Nh1 Nb5 43. Kg3 gxf3 44. gxf3 Re6 0-1

[Event "FRA-ch Blitz Online Qual"]
[Site "Europe Echecs INT"]
[Date "2020.05.16"]
[Round "5"]
[White "Barseghyan, Harutyun"]
[Black "Labelle, Ambroise"]
[Result "1-0"]
[WhiteElo "2463"]
[BlackElo "1952"]
[PlyCount "41"]
[EventDate "2020.05.16"]
[EventType "swiss (blitz)"]
[EventRounds "15"]
[EventCountry "FRA"]
[SourceTitle "CBM 196 Extra"]
[Source "ChessBase"]
[SourceDate "2020.07.31"]
[SourceVersion "1"]
[SourceVersionDate "2020.07.31"]
[SourceQuality "1"]

1. d4 e6 2. Nf3 d5 3. c4 Nf6 4. g3 Bb4+ 5. Bd2 a5 6. Bg2 dxc4 7. Qc2 b5 8. a4 c6 9. axb5 cxb5 10. Bxb4 Nd5 11. Bc5 Nd7 12. Nc3 Nxc5 13. dxc5 Bb7 14. Nxb5 0-0 15. Nd6 Ba6 16. 0-0 Qc7 17. Ne4 f5 18. Neg5 Rfe8 19. Nd4 Qxc5 20. Ndxe6 Qd6 21. Qxf5 1-0

[Event "FRA-ch Blitz Online Qual"]
[Site "Europe Echecs INT"]
[Date "2020.05.16"]
[Round "12"]
[White "Barseghyan, Harutyun"]
[Black "Suarez Real, Alberto"]
[Result "1-0"]
[WhiteElo "2463"]
[BlackElo "2448"]
[PlyCount "89"]
[EventDate "2020.05.16"]
[EventType "swiss (blitz)"]
[EventRounds "15"]
[EventCountry "FRA"]
[SourceTitle "CBM 196 Extra"]
[Source "ChessBase"]
[SourceDate "2020.07.31"]
[SourceVersion "1"]
[SourceVersionDate "2020.07.31"]
[SourceQuality "1"]

1. d4 Nf6 2. Nf3 g6 3. Nbd2 Bg7 4. e4 0-0 5. e5 Nd5 6. h4 d6 7. h5 Bg4 8. hxg6 hxg6 9. Qe2 dxe5 10. dxe5 Qd7 11. Qe4 c6 12. Bd3 Na6 13. Nb3 Ndb4 14. Bh6 Nxd3+ 15. cxd3 Bxh6 16. Rxh6 Kg7 17. Rh4 Bxf3 18. gxf3 Rh8 19. 0-0-0 Rxh4 20. Qxh4 Rh8 21. Qe4 Qf5 22. Qd4 Qxf3 23. Qxa7 Rh2 24. Qxb7 Qxf2 25. Rd2 Qe1+ 26. Kc2 Rxd2+ 27. Nxd2 Nc5 28. Qxc6 Qxe5 29. b4 Ne6 30. Qc3 Nd4+ 31. Kb2 f6 32. a4 Qd6 33. a5 Ne2 34. Qc4 Nf4 35. Ne4 Qxd3 36. Qxd3 Nxd3+ 37. Kc3 Ne5 38. a6 Nd7 39. a7 Nb6 40. Kd4 f5 41. Kc5 Na8 42. Nf2 e5 43. b5 e4 44. b6 e3 45. Nd3 1-0

[Event "FRA-ch Blitz Online Qual"]
[Site "Europe Echecs INT"]
[Date "2020.05.16"]
[Round "6"]
[White "Iglesias, Christophe"]
[Black "Barseghyan, Harutyun"]
[Result "0-1"]
[WhiteElo "1815"]
[BlackElo "2463"]
[PlyCount "66"]
[EventDate "2020.05.16"]
[EventType "swiss (blitz)"]
[EventRounds "15"]
[EventCountry "FRA"]
[SourceTitle "CBM 196 Extra"]
[Source "ChessBase"]
[SourceDate "2020.07.31"]
[SourceVersion "1"]
[SourceVersionDate "2020.07.31"]
[SourceQuality "1"]

1. e4 e6 2. d3 d5 3. Nd2 Nf6 4. Ngf3 g6 5. g3 c5 6. Bg2 Bg7 7. 0-0 0-0 8. Re1 Nc6 9. c3 b6 10. e5 Nd7 11. d4 a5 12. Nf1 Ba6 13. h4 cxd4 14. cxd4 Nb4 15. a3 Nd3 16. Bg5 Qc7 17. Re2 h6 18. Rc2 Qb7 19. Be3 Rfc8 20. Rd2 Qc6 21. Rxd3 Bxd3 22. Qxd3 Qc2 23. Qxc2 Rxc2 24. Rb1 b5 25. N1h2 Nb6 26. Ng4 h5 27. Nf6+ Bxf6 28. exf6 Nc4 29. Bf1 Rb8 30. Bxc4 bxc4 31. Bc1 Rc3 32. Nd2 Rd3 33. Kf1 c3 0-1

[Event "Titled Tuesday intern op 12th May"]
[Site "Chess.com INT"]
[Date "2020.05.12"]
[Round "7"]
[White "Barseghyan, Harutyun"]
[Black "Bortnyk, Olexandr"]
[Result "0-1"]
[WhiteElo "2463"]
[BlackElo "2598"]
[PlyCount "84"]
[EventDate "2020.05.12"]
[EventType "swiss (blitz)"]
[EventRounds "10"]
[EventCountry "USA"]
[SourceTitle "EXT 2021"]
[Source "ChessBase"]
[SourceDate "2020.10.23"]
[SourceVersion "1"]
[SourceVersionDate "2020.10.23"]
[SourceQuality "1"]

1. d4 d6 2. Nf3 Nf6 3. g3 g6 4. Bg2 Bg7 5. 0-0 0-0 6. c4 Bf5 7. Nc3 Ne4 8. Bd2 c6 9. Nh4 Nxd2 10. Qxd2 Bc8 11. f4 e5 12. e3 exd4 13. exd4 Qb6 14. Rad1 Bg4 15. Bf3 Bxf3 16. Nxf3 Nd7 17. Kg2 Rae8 18. Rfe1 Nf6 19. h3 h5 20. Rxe8 Rxe8 21. Re1 Rxe1 22. Nxe1 Qb4 23. b3 Nd7 24. Nc2 Qa5 25. a4 c5 26. Ne4 Qxd2+ 27. Nxd2 cxd4 28. Kf3 Nc5 29. Nb4 a5 30. Nd5 Kf8 31. g4 hxg4+ 32. hxg4 f5 33. g5 Kf7 34. Nb6 Ke6 35. Nd5 Kd7 36. Nb6+ Ke6 37. Nd5 d3 38. Ke3 Bb2 39. Nf3 Bc1+ 40. Kf2 Nxb3 41. Nh4 Kf7 42. Nf3 Nc5 0-1